Top XIs: Trabzonspor (1988-2023) - Statistics

General Stats
  • This quiz has been taken 94 times
  • The average score is 89 of 350
Answer Stats
Hint Position Answer % Correct
2019/2020 ST Alexander Sørloth
76%
2009/2010 ST Burak Yılmaz
74%
2010/2011 ST Burak Yılmaz
74%
2011/2012 ST Burak Yılmaz
74%
2017/2018 ST Burak Yılmaz
74%
2021/2022 MF Marek Hamšík
68%
2022/2023 MF Marek Hamšík
68%
2018/2019 ST Anthony Nwakaeme
65%
2019/2020 ST Anthony Nwakaeme
65%
2020/2021 ST Anthony Nwakaeme
65%
2021/2022 ST Anthony Nwakaeme
65%
2022/2023 MF Edin Visca
65%
2020/2021 MF Tasos Bakasetas
65%
2021/2022 MF Tasos Bakasetas
65%
2022/2023 MF Tasos Bakasetas
65%
2021/2022 ST Andreas Cornelius
62%
2022/2023 ST Andreas Cornelius
62%
2021/2022 MF Manolis Siopis
60%
2022/2023 MF Manolis Siopis
60%
2016/2017 MF Yusuf Yazıcı
60%
2017/2018 MF Yusuf Yazıcı
60%
2018/2019 MF Yusuf Yazıcı
60%
2020/2021 DF Vitor Hugo
59%
2021/2022 DF Vitor Hugo
59%
2022/2023 DF Vitor Hugo
59%
1988/1989 ST Hami Mandıralı
57%
1989/1990 ST Hami Mandıralı
57%
1990/1991 ST Hami Mandıralı
57%
1991/1992 ST Hami Mandıralı
57%
1992/1993 ST Hami Mandıralı
57%
1993/1994 ST Hami Mandıralı
57%
1994/1995 ST Hami Mandıralı
57%
1995/1996 ST Hami Mandıralı
57%
1996/1997 ST Hami Mandıralı
57%
1997/1998 ST Hami Mandıralı
57%
1999/2000 ST Hami Mandıralı
57%
2000/2001 ST Hami Mandıralı
57%
2001/2002 ST Hami Mandıralı
57%
2003/2004 MF Ibrahim Yattara
57%
2004/2005 MF Ibrahim Yattara
57%
2005/2006 MF Ibrahim Yattara
57%
2006/2007 MF Ibrahim Yattara
57%
2007/2008 MF Ibrahim Yattara
57%
2008/2009 MF Ibrahim Yattara
57%
2002/2003 ST Mehmet Yılmaz
56%
2002/2003 ST Fatih Tekke
53%
2003/2004 ST Fatih Tekke
53%
2004/2005 ST Fatih Tekke
53%
2005/2006 ST Fatih Tekke
53%
2017/2018 MF José Sosa
53%
2018/2019 MF José Sosa
53%
2019/2020 MF José Sosa
53%
2018/2019 DF Filip Novák
51%
2019/2020 DF Filip Novák
51%
2008/2009 MF Gustavo Colman
51%
2009/2010 MF Gustavo Colman
51%
2010/2011 MF Gustavo Colman
51%
2011/2012 MF Gustavo Colman
51%
2022/2023 DF Jens Stryger Larsen
51%
2008/2009 MF Selçuk İnan
51%
2009/2010 MF Selçuk İnan
51%
2010/2011 MF Selçuk İnan
51%
2000/2001 MF Gökdeniz Karadeniz
49%
2001/2002 MF Gökdeniz Karadeniz
49%
2002/2003 ST Gökdeniz Karadeniz
49%
2003/2004 MF Gökdeniz Karadeniz
49%
2004/2005 ST Gökdeniz Karadeniz
49%
2005/2006 MF Gökdeniz Karadeniz
49%
2006/2007 MF Gökdeniz Karadeniz
49%
2007/2008 MF Gökdeniz Karadeniz
49%
2022/2023 DF Marc Bartra
49%
2022/2023 ST Trezeguet
49%
2009/2010 MF Alanzinho
47%
2011/2012 MF Alanzinho
47%
2012/2013 MF Alanzinho
47%
2018/2019 DF Hüseyin Türkmen
47%
2019/2020 DF Hüseyin Türkmen
47%
2021/2022 DF Stefano Denswil
47%
2022/2023 DF Stefano Denswil
47%
2020/2021 DF Edgar Ié
46%
2021/2022 DF Edgar Ié
46%
2019/2020 MF Abdulkadir Parmak
44%
2020/2021 MF Abdulkadir Parmak
44%
2020/2021 ST Djaniny
44%
2021/2022 ST Djaniny
44%
2010/2011 ST Jajá Coelho
44%
2016/2017 DF João Pereira
44%
2017/2018 DF João Pereira
44%
2018/2019 DF João Pereira
44%
2019/2020 DF João Pereira
44%
2006/2007 ST Umut Bulut
44%
2007/2008 ST Umut Bulut
44%
2008/2009 ST Umut Bulut
44%
2009/2010 ST Umut Bulut
44%
2010/2011 ST Umut Bulut
44%
2008/2009 DF Egemen Korkmaz
43%
2009/2010 DF Egemen Korkmaz
43%
2010/2011 DF Egemen Korkmaz
43%
2013/2014 MF Yusuf Erdoğan
40%
2014/2015 MF Yusuf Erdoğan
40%
2015/2016 MF Yusuf Erdoğan
40%
2021/2022 DF Bruno Peres
38%
2016/2017 ST Hugo Rodallega
38%
2018/2019 ST Hugo Rodallega
38%
2014/2015 ST Óscar Cardozo
38%
2015/2016 ST Óscar Cardozo
38%
2018/2019 ST Caleb Ekuban
37%
2019/2020 ST Caleb Ekuban
37%
2020/2021 ST Caleb Ekuban
37%
2016/2017 ST Dame N'Doye
37%
2017/2018 ST Dame N'Doye
37%
2016/2017 MF Ogenyi Onazi
35%
2018/2019 MF Ogenyi Onazi
35%
2013/2014 DF Aykut Demir
34%
2014/2015 DF Aykut Demir
34%
1999/2000 DF Erol Bulut
34%
2012/2013 ST Olcan Adın
32%
2013/2014 MF Olcan Adın
32%
1990/1991 MF Ünal Karaman
32%
1991/1992 MF Ünal Karaman
32%
1992/1993 MF Ünal Karaman
32%
1993/1994 MF Ünal Karaman
32%
1994/1995 MF Ünal Karaman
32%
1995/1996 MF Ünal Karaman
32%
1996/1997 MF Ünal Karaman
32%
1997/1998 MF Ünal Karaman
32%
1998/1999 MF Ünal Karaman
32%
2018/2019 DF Majid Hosseini
31%
2007/2008 DF Serkan Balcı
31%
2008/2009 DF Serkan Balcı
31%
2009/2010 DF Serkan Balcı
31%
2010/2011 DF Serkan Balcı
31%
2011/2012 DF Serkan Balcı
31%
2011/2012 MF Didier Zokora
29%
2012/2013 MF Didier Zokora
29%
2013/2014 MF Didier Zokora
29%
2010/2011 DF Giray Kaçar
29%
2011/2012 DF Giray Kaçar
29%
2008/2009 ST Gökhan Ünal
29%
2015/2016 MF Okay Yokuşlu
29%
2016/2017 MF Okay Yokuşlu
29%
2017/2018 MF Okay Yokuşlu
29%
2016/2017 DF Emmanuel Más
28%
2017/2018 DF Emmanuel Más
28%
2013/2014 MF Florent Malouda
28%
2011/2012 MF Halil Altıntop
28%
2012/2013 MF Halil Altıntop
28%
2014/2015 MF Mehmet Ekici
28%
2012/2013 DF Mustafa Yumlu
28%
2013/2014 DF Mustafa Yumlu
28%
2015/2016 DF Mustafa Yumlu
28%
2016/2017 ST Fabián Castillo
25%
2013/2014 DF José Bosingwa
25%
2014/2015 DF José Bosingwa
25%
2015/2016 DF José Bosingwa
25%
2017/2018 MF Juraj Kucka
25%
2015/2016 DF Luis Pedro Cavanda
25%
2014/2015 MF Erkan Zengin
24%
2015/2016 MF Erkan Zengin
24%
2002/2003 MF Hüseyin Çimşir
24%
2003/2004 MF Hüseyin Çimşir
24%
2004/2005 MF Hüseyin Çimşir
24%
2005/2006 MF Hüseyin Çimşir
24%
2006/2007 MF Hüseyin Çimşir
24%
2007/2008 MF Hüseyin Çimşir
24%
2008/2009 MF Hüseyin Çimşir
24%
2003/2004 DF Emrah Eren
22%
2004/2005 DF Emrah Eren
22%
2008/2009 DF Hrvoje Čale
22%
2009/2010 DF Hrvoje Čale
22%
2010/2011 DF Hrvoje Čale
22%
2019/2020 MF John Mikel Obi
22%
1998/1999 MF Mehmet Zengin
22%
2000/2001 MF Sergen Yalçın
22%
2020/2021 DF Serkan Asan
22%
1988/1989 MF Soner Boz
22%
1990/1991 MF Soner Boz
22%
1992/1993 MF Abdullah Ercan
21%
1993/1994 MF Abdullah Ercan
21%
1994/1995 MF Abdullah Ercan
21%
1995/1996 DF Abdullah Ercan
21%
1996/1997 DF Abdullah Ercan
21%
1997/1998 DF Abdullah Ercan
21%
1998/1999 DF Abdullah Ercan
21%
2011/2012 MF Adrian Mierzejewski
21%
2012/2013 MF Adrian Mierzejewski
21%
2013/2014 MF Adrian Mierzejewski
21%
2020/2021 MF Lewis Baker
21%
2019/2020 DF Gastón Campi
19%
2015/2016 MF Marko Marin
19%
2013/2014 ST Paulo Henrique
19%
2008/2009 DF Rigobert Song
19%
2009/2010 DF Rigobert Song
19%
2014/2015 DF Salih Dursun
19%
1993/1994 ST Shota Arveladze
19%
1994/1995 ST Shota Arveladze
19%
1995/1996 ST Shota Arveladze
19%
1996/1997 ST Shota Arveladze
19%
2010/2011 DF Arkadiusz Glowacki
18%
2014/2015 DF Carl Medjani
18%
2016/2017 DF Ján Ďurica
18%
2017/2018 DF Ján Ďurica
18%
2014/2015 MF Özer Hurmacı
18%
2011/2012 DF Ondřej Čelůstka
16%
2012/2013 DF Ondřej Čelůstka
16%
2017/2018 DF Tomáš Hubočan
15%
2016/2017 DF Uğur Demirok
15%
1990/1991 DF Ogün Temizkanoğlu
13%
1991/1992 DF Ogün Temizkanoğlu
13%
1992/1993 DF Ogün Temizkanoğlu
13%
1993/1994 DF Ogün Temizkanoğlu
13%
1994/1995 DF Ogün Temizkanoğlu
13%
1995/1996 DF Ogün Temizkanoğlu
13%
1996/1997 DF Ogün Temizkanoğlu
13%
1997/1998 DF Ogün Temizkanoğlu
13%
1998/1999 DF Ogün Temizkanoğlu
13%
2015/2016 MF Stéphane Mbia
13%
1988/1989 DF Hamdi Aslan
12%
1989/1990 DF Hamdi Aslan
12%
1990/1991 DF Hamdi Aslan
12%
1992/1993 DF Hamdi Aslan
12%
1993/1994 DF Hamdi Aslan
12%
1988/1989 MF Lemi Çelik
12%
1989/1990 MF Lemi Çelik
12%
1990/1991 MF Lemi Çelik
12%
1992/1993 DF Lemi Çelik
12%
1994/1995 DF Lemi Çelik
12%
1995/1996 MF Lemi Çelik
12%
2004/2005 MF Miros. Szymkowiak
10%
2005/2006 MF Miros. Szymkowiak
10%
1993/1994 MF Tolunay Kafkas
10%
1994/1995 MF Tolunay Kafkas
10%
1995/1996 MF Tolunay Kafkas
10%
1996/1997 MF Tolunay Kafkas
10%
1997/1998 MF Tolunay Kafkas
10%
2007/2008 DF Cagdas Atan
9%
1988/1989 DF Kemal Serdar
9%
1989/1990 DF Kemal Serdar
9%
1990/1991 DF Kemal Serdar
9%
1991/1992 DF Kemal Serdar
9%
1992/1993 DF Kemal Serdar
9%
1993/1994 DF Kemal Serdar
9%
1994/1995 DF Kemal Serdar
9%
2014/2015 MF Kévin Constant
9%
1999/2000 MF Abdülkadir Demirci
7%
2000/2001 DF Macit Güven
7%
2001/2002 DF Macit Güven
7%
2020/2021 DF Marlon Xavier
7%
1998/1999 DF Recep Çetin
7%
2009/2010 MF Drago Gabrić
6%
2002/2003 MF Eul-Yong Lee
6%
2004/2005 MF Eul-Yong Lee
6%
2005/2006 MF Eul-Yong Lee
6%
2005/2006 DF Fatih Akyel
6%
2006/2007 DF Fatih Akyel
6%
2011/2012 DF Marek Čech
6%
2012/2013 DF Marek Čech
6%
2001/2002 MF Mehmet Aurélio
6%
2002/2003 MF Mehmet Aurélio
6%
2013/2014 DF Sol Bamba
6%
2007/2008 DF Tayfun Cora
6%
1988/1989 DF Ismail Gökcek
4%
1989/1990 DF Ismail Gökcek
4%
1995/1996 DF Osman Özköylü
4%
1996/1997 DF Osman Özköylü
4%
1999/2000 DF Osman Özköylü
4%
2000/2001 DF Osman Özköylü
4%
2001/2002 DF Osman Özköylü
4%
1999/2000 MF Tamer Tuna
4%
2000/2001 MF Tamer Tuna
4%
2003/2004 DF Tolga Seyhan
4%
2004/2005 DF Tolga Seyhan
4%
1988/1989 MF Turgut Uçar
4%
1989/1990 MF Turgut Uçar
4%
1991/1992 MF Turgut Uçar
4%
1997/1998 ST Davor Vugrinec
3%
1998/1999 ST Davor Vugrinec
3%
1999/2000 ST Davor Vugrinec
3%
1998/1999 ST Kevin Campbell
3%
2012/2013 MF Marek Sapara
3%
1989/1990 MF Orhan Çıkırıkçı
3%
1990/1991 MF Orhan Çıkırıkçı
3%
1991/1992 MF Orhan Çıkırıkçı
3%
1992/1993 MF Orhan Çıkırıkçı
3%
1993/1994 MF Orhan Çıkırıkçı
3%
1995/1996 MF Orhan Çıkırıkçı
3%
1996/1997 MF Orhan Çıkırıkçı
3%
1997/1998 MF Orhan Çıkırıkçı
3%
1998/1999 MF Orhan Çıkırıkçı
3%
1999/2000 MF Orhan Çıkırıkçı
3%
2006/2007 MF Ayman Abdelaziz
1%
2007/2008 MF Ayman Abdelaziz
1%
2004/2005 DF Celaleddin Koçak
1%
2005/2006 DF Celaleddin Koçak
1%
2006/2007 DF Celaleddin Koçak
1%
2007/2008 DF Celaleddin Koçak
1%
2001/2002 DF Cem Beceren
1%
1993/1994 DF Cengiz Atila
1%
1994/1995 DF Cengiz Atila
1%
1995/1996 DF Cengiz Atila
1%
2015/2016 DF Douglas
1%
2002/2003 DF Erdinç Yavuz
1%
2003/2004 DF Erdinç Yavuz
1%
2005/2006 DF Erdinç Yavuz
1%
1989/1990 DF Erhan Çağlayan
1%
1999/2000 MF Erman Özgür
1%
2001/2002 MF Erman Özgür
1%
2006/2007 DF Ferhat Cökmüs
1%
2007/2008 DF Ferhat Cökmüs
1%
1996/1997 DF İskender Eroğlu
1%
1997/1998 DF İskender Eroğlu
1%
1988/1989 ST Iskender Günen
1%
1989/1990 ST Iskender Günen
1%
1991/1992 ST Jacek Cyzio
1%
1992/1993 ST Jacek Cyzio
1%
1997/1998 DF Karel Rada
1%
1991/1992 DF Lars Olsen
1%
2006/2007 MF Marcelinho
1%
2005/2006 DF Milan Stepanov
1%
2006/2007 DF Milan Stepanov
1%
1989/1990 MF Miodrag Ješić
1%
1998/1999 DF Okan Özke
1%
1999/2000 DF Okan Özke
1%
1994/1995 ST Orhan Kaynak
1%
1998/1999 MF Yuriy Kalitvintsev
1%
2012/2013 DF Émerson Conceição
0%
2000/2001 MF Erhan Namli
0%
2002/2003 DF Erman Güraçar
0%
1996/1997 MF Giorgi Nemsadze
0%
1997/1998 MF Gocha Jamarauli
0%
2001/2002 MF Hans Somers
0%
2002/2003 MF Hans Somers
0%
2003/2004 MF Hans Somers
0%
1999/2000 DF Igor Nikolovski
0%
2000/2001 DF Igor Nikolovski
0%
2003/2004 DF Karel D'Haene
0%
2004/2005 DF Karel D'Haene
0%
2003/2004 MF Maks Romashchenko
0%
2001/2002 MF Mehmet Kahriman
0%
1991/1992 DF Mehmet Soykök
0%
1990/1991 ST Milonja Đukić
0%
1988/1989 MF Mitar Lukić
0%
1988/1989 DF Müfit Ikizoglu
0%
2000/2001 ST Oktay Derelioğlu
0%
2002/2003 DF Oumar Dieng
0%
2001/2002 ST Robson Carioca
0%
1990/1991 DF Şeyhmus Suna
0%
1991/1992 DF Şeyhmus Suna
0%
2000/2001 MF Todor Yanchev
0%
1992/1993 MF Yuriy Shelepnitskyi
0%
No matching quizzes found
Score Distribution
Percent of People with Each Score
Percentile by Number Answered
Your Score History
You have not taken this quiz